Music Quiz

Random Music or Song Quiz

'Lasers' Lyrics Quiz Stats

Quiz not verified by Sporcle

Challenge
Share
Tweet
Embed
Score 0/9 Timer 03:00
0 Plays Today
Lyrics Song % Correct
Yeah, complexions not a contest, cuz racism has no contextAll Black Everything
87.5%
Terrified of the world, now I'm on a world tour The Show Goes On
75%
In case you forgot, I hope this reminds you Never Forget You
75%
Fear is such a weak emotion, that's why I despise it Words I Never Said
75%
You ain't got a hit, unless it sounds like these didState Run Radio
62.5%
Lord keep telling me to find a reason, anything to keep me from squeezingBeautiful Lasers
50%
The truth stings like Muhammad Ali Till I Get There
50%
Its like a criminal is the only thing you can becomeBreak The Chain
50%
Feeling out of place like PETA at a fur store I Don't Wanna Care Right Now
37.5%

You're not logged in!

Compare scores with friends on all Sporcle quizzes.
Join for Free
OR
Log In

You Might Also Like...

Show Comments

Extras

Created Mar 7, 2011ReportNominate
Tags:Song Quiz, laser

Top Quizzes Today


Score Distribution

Your Account Isn't Verified!

In order to create a playlist on Sporcle, you need to verify the email address you used during registration. Go to your Sporcle Settings to finish the process.

Report this User

Report this user for behavior that violates our Community Guidelines.

Details: